01661 a2200193 4500003000500000005001700005040000900022082001400031100002500045245007200070260002700142300001500169505097900184650001801163942002301181999001901204952012201223952012201345Nust20221202101745.0 cNust a539.7,TOL aTolansky, S.9103971 aIntroduction to Atomic Physics / cS. Tolansky, Sir Lawrence Bragg aLondonbLongmansc1949 axi, 435 p. aThe Conduction Of Electricity Through Gases (Page-1), The Electric Discharge Through Gases At Low Pressures (Page-26), The Charge And Mass Of The Electron (Page-41), Positive Rays And The Mass Spectrograph (Page-54), The Quantum Theory (Page-82), The Thermionic Effect (Page-102), Photo Electricity (Page-121), Atomic Spectra And The Periodic Table (Page-138), X-Rays And Their Properties (Page-158), The Structures Of Crystals (Page-173), The Wave Mechanics (Page-194), Electron Collision In Gases (Page-209), Radioactivity And The Radioactive Transformations (Page-216), The Α-Particle (Page-237), The Β-Rays (Page-259), The Γ-Rays (Page-276), The Detection Of Single Atomic Particles (Page-284), Cosmic Radiation: The Positron (Page-296), Mesons (Page-317), High Energy Particle Accelerators (Page-330), The Nucleus Of The Atom (Page-354), The Neutron (Page-379), Nuclear Fission (Page-387), Atomic Energy Nuclear Reactors (Page-396), The Relativity Theory (Page-409). aAtoms.910462 2ddccBKk539.7,TOL c184478d184478 00102ddc4070aMCSbMCScGENd2016-12-12o539.7,TOLpMCS6187r2016-12-08w2016-12-12yBKzAlmirah NO 16, Shelf No 6 00102ddc4070aMCSbMCScGENd2016-12-12o539.7,TOLpMCS6482r2016-12-08w2016-12-12yBKzAlmirah No.77, Shelf No.3